Paesi nominati nella pagina Wikipedia dell'Austria - Statistics

Statistiche generali
  • Questo quiz è stato fatto 20 volte
  • Il punteggio medio è 8 su 9
Statistiche sulle risposte
Volte in cui viene nominato
Indizio (basato sul motivo per cui lo stato è nominato nella pagina Wikipedia)
Paese % Corretto
9 Paese confinante Germania
100%
9 Paese confinante Italia
100%
3 Paese confinante Slovacchia
100%
3 Paese confinante Slovenia
100%
2 Paese confinante Ungheria
100%
2 Paese confinante Cechia
94%
2 Paese confinante Liechtenstein
94%
6 Paese confinante Svizzera
94%
1 Fu assieme all'Austria tra gli ultimi paesi europei a permettere trasmissioni televisive private Albania
35%
Nessun quiz corrispondente trovato
Distribuzione punteggi
Percentuale di utenti per punteggio
Percentile per numero di risposta
I tuoi punteggi nel tempo
Non hai fatto questo quiz